LEADER 00402nab a2200133 i 4500 001 000000264784 003 CaOOAMICUS 005 20180831164706.0 008 180831n xx uu u0 0und r 013 $a7636 040 $aSeMil$bita 245 10$a[vedi periodico]. 773 0 $tAnno 2005.$dRoma : Istituto Poligrafico e Zecca dello Stato, 2005.$w()152539 996 $6245$a[vedi periodico]$9(OLS)http://semarc/title/309439 LEADER 00826nam a2200205 i 4500 001 000000087095 003 CaOOAMICUS 005 20170927000000.0 008 170927s1997 it u000 u ita u 013 $a59335 040 $aSeMil$bita 245 10$aVol. 1. 300 $aLXIV, 299 p. ;$c21 cm. 490 0 $aUniversità degli studi di Cagliari, Dipartimento di filologie e letterature moderne ;$v14./1 773 0 $tStraniero.$dRoma : Bulzoni, 1997.$z88-8319-088-2$g1$w()12236 830 0$aUniversità degli studi di Cagliari, Dipartimento di filologie e letterature moderne ;$v14./1.$0(OLS)http://semarc/title/401631 850 $aSeMil 852 $aSeMil$W1$xVenegono$y1$m3W II 13/1$j263219$B50676$CSeMilBibl$Z2$F54694 $81 961 $aOmaggio: Conti don Ermenegildo 996 $6245$aVol. 1$9(OLS)http://semarc/title/13429